Obecné dějiny ďábla /

Uloženo v:
Hlavní autor: Messadié, Gerald, 1931- (Autor)
Další autoři: Navrátilová, Danuše, 1958- (Autor)
Médium: Kniha
Jazyk:Czech
Vydáno: Praha : Odeon, 1996
Vydání:1. vyd.
Edice:Edice AAA
Témata:
Celkem bylo vypůjčeno:1x
Tagy:
Žádné tagy
LEADER 01107nam a2200313 a 4500
001 34358
005 20240820142629.0
008 960919s1996----xr ---------u-------cze-d
015 |a cnb000165891 
020 |a 80-207-0513-9 :  |c 239.00 Kč 
040 |a UOG502  |e AACR2  |9 1  |b cze 
041 1 |a cze  |h fre 
080 |a 2 
080 |a 236.4 
080 |a 236.9 
100 1 |a Messadié, Gerald,  |d 1931-  |7 jn19990005633  |4 aut  |9 24107 
245 1 0 |a Obecné dějiny ďábla /  |c Gerald Messadié ; [z franc. orig. přel. Danuše Navrátilová] 
250 |a 1. vyd. 
260 |a Praha :  |b Odeon,  |c 1996 
300 |a 572 s. 
490 1 |a Edice AAA 
500 |a Rejstř. 
653 |a náboženství  |a peklo  |a zlo  |a ďábel  |a Antikrist  |a Satan  |a dějiny  |a lidstvo  |a kultura  |a monografie 
700 1 |a Navrátilová, Danuše,  |d 1958-  |7 jn20010309510  |4 trl  |9 110108 
830 0 |a Edice AAA 
910 |a UOG502 
999 |c 34358  |d 34358 
942 0 0 |0 1 
993 |0 0  |1 421180041954  |4 0  |6 2_000000000000000  |7 0  |9 15125  |a 239.00  |b 0  |c 41954  |d 1996-09-19  |e 1  |f SKLAD  |g 2  |h 239.00  |i Zámecké knihkupectví  |j 30  |l SKLAD  |r 2021-02-15  |t 5  |w 2017-09-19  |y KN  |z NAUCNA